|
|
|
|
| LEADER |
01214cas a2200193 a 4500 |
| 001 |
AALejournalIMF015706 |
| 008 |
230101c9999 xx r poo 0 0eng d |
| 020 |
|
|
|z 9781557752192
|
| 040 |
|
|
|a BD-DhAAL
|c BD-DhAAL
|
| 110 |
2 |
|
|a International Monetary Fund.
|
| 245 |
1 |
0 |
|a Macroeconomic Models for Adjustment in Developing Countries.
|
| 264 |
|
1 |
|a Washington, D.C. :
|b International Monetary Fund,
|c 1991.
|
| 300 |
|
|
|a 1 online resource (333 pages)
|
| 500 |
|
|
|a <strong>Off-Campus Access:</strong> No User ID or Password Required
|
| 500 |
|
|
|a <strong>On-Campus Access:</strong> No User ID or Password Required
|
| 506 |
|
|
|a Electronic access restricted to authorized BRAC University faculty, staff and students
|
| 520 |
3 |
|
|a This volume, edited by Mohsin S. Khan, Peter J. Montiel, and Nadeem U. Haque, examines recent IMF-developed empirical macroeconomic models dealing with adjustment and stabilization policies in developing countries. Some models are relevant for specific countries, and others relate to groups of developing countries.
|
| 538 |
|
|
|a Mode of access: Internet
|
| 856 |
4 |
0 |
|z Full text available on IMF
|u http://elibrary.imf.org/view/books/071/04394-9781557752192-en/04394-9781557752192-en-book.xml
|z IMF e-Library
|